Hitler victorious : eleven stories of the German victory in World War II /

Bibliographic Details
Other Authors: Benford, Gregory, 1941-, Greenberg, Martin Harry
Format: Book
Language:English
Published: New York : Garland Pub., 1986.
Series:Garland reference library of the humanities ; v. 624.
Subjects:

MARC

Tag First Indicator Second Indicator Subfields
LEADER 00000cam a2200000 a 4500
001 in00000012314
005 20151007051813.0
008 860304s1986 nyu 00001 eng
010 |a  85045131  
020 |a 0824086589 (alk. paper) 
035 |a (OCoLC)13333540 
035 |9 AAA4875AM 
040 |a DLC  |c DLC  |d m/c  |d OCL  |d TXA  |d UtOrBLW 
049 |a TXAM  |c [A12640588] 
050 0 0 |a PS648.F3  |b H57 1986 
082 0 |a 813/.0876/08358  |2 19 
245 0 0 |a Hitler victorious :  |b eleven stories of the German victory in World War II /  |c edited by Gregory Benford and Martin H. Greenberg ; with an introduction by Norman Spinrad. 
264 1 |a New York :  |b Garland Pub.,  |c 1986. 
300 |a 299 pages ;  |c 23 cm. 
336 |a text  |b txt  |2 rdacontent 
337 |a unmediated  |b n  |2 rdamedia 
338 |a volume  |b nc  |2 rdacarrier 
490 1 |a Garland reference library of the humanities ;  |v v. 624 
650 0 |a Fantasy fiction, American. 
650 0 |a Fantasy fiction, English. 
650 0 |a World War, 1939-1945  |v Fiction. 
600 1 0 |a Hitler, Adolf,  |d 1889-1945  |x Fiction. 
700 1 |a Benford, Gregory,  |d 1941- 
700 1 |a Greenberg, Martin Harry. 
830 0 |a Garland reference library of the humanities ;  |v v. 624. 
999 |a MARS 
999 f f |s 8de9726d-c7f8-3556-a16b-4c48e0c30e6d  |i f8c613d6-befd-3a4a-a469-7b09b39948ba  |t 0 
952 f f |p ric  |a Texas A&M University  |b Rellis Campus  |c Joint Library Facility  |d Remote Storage  |t 0  |e PS648.F3 H57 1986  |h Library of Congress classification  |i unmediated -- volume  |m A14812640588 
998 f f |a PS648.F3 H57 1986  |t 0  |l Remote Storage